000 00506cam a2200169 4500
008 180808n 000 0 eng u
020 _a9781349452217
035 _a(Sirsi) a208435
050 _aLC 4708 CAM 2013
100 _aCampbell, Tom
245 _aDyslexia:
_bthe government of reading/
_cTom Campbell
260 _aNew York:
_bPalgrave Macmillian,
_c2013
300 _avii, 242p.
504 _aIncludes references and index
650 _aDyslexia Children -- Education
650 _aDyslexic
999 _c130761
_d130761